Catálogo público

Insect pest management : (Record no. 198605)

MARC details
000 -CABECERA
campo de control de longitud fija 00845nam a2200289Ia 4500
001 - NÚMERO DE CONTROL
campo de control Para_9767
003 - IDENTIFICADOR DEL NÚMERO DE CONTROL
campo de control CHAP
008 - DATOS DE LONGITUD FIJA--INFORMACIÓN GENERAL
campo de control de longitud fija 220125s2010 xx 000 0 und d
010 ## - NÚMERO DE CONTROL DE LA BIBLIOTECA DEL CONGRESO
Número de control de LC 198605
020 ## - NÚMERO INTERNACIONAL ESTÁNDAR DEL LIBRO
Número Internacional Estándar del Libro 978-3-642-05859-2
040 ## - FUENTE DE LA CATALOGACIÓN
Centro/agencia transcriptor CHAP
082 ## - NÚMERO DE LA CLASIFICACIÓN DECIMAL DEWEY
Número de clasificación PA 632.7 I59
245 ## - MENCIÓN DE TÍTULO
Título Insect pest management :
Resto del título Field and protected crops /
Mención de responsabilidad, etc. A. Rami Horowitz, Isaac Ishaaya, editores
260 ## - PUBLICACIÓN, DISTRIBUCIÓN, ETC.
Lugar de publicación, distribución, etc. Alemania :
Nombre del editor, distribuidor, etc. Springer Verlag
300 ## - DESCRIPCIÓN FÍSICA
Extensión xvii, 344 p.
503 ## - NOTA DE HISTORIA BIBLIOGRÁFICA (BK CF MU) [OBSOLETO]
Nota de historia bibliográfica I.259980 (ej.1)
650 ## - PUNTO DE ACCESO ADICIONAL DE MATERIA--TÉRMINO DE MATERIA
Término de materia o nombre geográfico como elemento de entrada Plagas de insectos
Subdivisión general Control integrado
9 (RLIN) 163871
700 ## - PUNTO DE ACCESO ADICIONAL--NOMBRE DE PERSONA
Nombre de persona Horowitz, A. Rami, A., ed.
9 (RLIN) 163872
700 ## - PUNTO DE ACCESO ADICIONAL--NOMBRE DE PERSONA
Nombre de persona Ishaaya, Isaac, ed.
9 (RLIN) 163873
901 ## - ELEMENTOS DE DATOS A LOCAL LDA (RLIN)
a PA 632.7 I59
902 ## - ELEMENTOS DE DATOS B LOCAL, LDB (RLIN)
a M
905 ## - ELEMENTOS DE DATOS E LOCAL, LDE (RLIN)
a 5232202010 an 8000003300 00
910 ## - DATOS DE OPCIÓN DEL USUARIO (OCLC)
Datos de opción del usuario 2010
942 ## - ELEMENTOS DE PUNTO DE ACCESO ADICIONAL (KOHA)
Tipo de ítem Koha Parasitologia_
942 ## - ELEMENTOS DE PUNTO DE ACCESO ADICIONAL (KOHA)
Tipo de ítem Koha Parasitologia_
-- 1
Holdings
Estado de retiro Estado de pérdida Fuente del sistema de clasificación o colocación Estado dañado Restricciones de uso No para préstamo Código de colección Localización permanente Ubicación/localización actual Fecha de adquisición Número de inventario Total de préstamos Signatura topográfica completa Código de barras Fecha visto por última vez Número de copia Precio válido a partir de Tipo de ítem Koha Nota pública
    Dewey Decimal Classification   Préstamo interno   General Parasitologia Agricola Parasitologia Agricola 28/03/2012 (PA_09829) (No. UACh 259980)   PA 632.7 I59 4102002365 25/01/2022 Ej.1 25/01/2022 Libro 3